| 000 | 00794nam a2200217Ii 4500 | ||
|---|---|---|---|
| 003 | JO-AjNU | ||
| 008 | 230605s9999||||xx |||||||||||||| ||und|| | ||
| 017 | _a1995/4/338 | ||
| 040 |
_aJO-AjNU _bara _erda _cJO-AjNU |
||
| 041 | _aara | ||
| 050 | 1 | 4 | _aBP144.Z442 1995 |
| 100 | 3 |
_aزيدان، عبد الكريم, _eauthor _946648 |
|
| 245 | 0 | 0 | _aنظام القضاء في الشريعة الإسلامية |
| 250 | _aط3 | ||
| 264 | 3 | 1 | _aبيروت،عمان: مؤسسة الرسالة للطباعة والنشر والتوزيع، دار البشير، 1995 |
| 300 |
_a400ص _bيشتمل على فهارس(ص347-400) |
||
| 336 |
_atext _btxt _2rdacontent |
||
| 337 |
_aunmediated _bn _2rdamedia |
||
| 338 |
_avolume _bnc _2rdacarrier |
||
| 650 | 4 |
_aالقضاء في الاسلام _946649 |
|
| 999 |
_aA20310 _c23878 _d23878 |
||